[Event "41st World U20 ch"]
[Site "Panaji IND"]
[Date "2002.12.13"]
[Round "7.25"]
[White "Li Qun"]
[Black "Kjartansson, David"]
[Result "1-0"]
[WhiteElo "2320"]
[BlackElo "2224"]
[EventDate "2002.12.09"]
[PlyCount "57"]

1.e4 e6 2.c4 d5 3.exd5 exd5 4.cxd5 Nf6 5.Bb5+ Bd7 6.Bc4 Bc5 7.Qe2+ Qe7 8.
Qxe7+ Bxe7 9.Nc3 O-O 10.Nge2 a6 11.a4 Rd8 12.O-O Be8 13.d4 Nbd7 14.a5 Nf8 
15.Bf4 Rac8 16.Rfb1 Bb4 17.Bg5 Rd6 18.Bxf6 Rxf6 19.Ne4 Rh6 20.Nc5 Rb8 21.
Nf4 Bb5 22.Bxb5 axb5 23.Rd1 Rf6 24.Nfd3 Bxc5 25.dxc5 Rd8 26.Ne5 Rf5 27.c6 
bxc6 28.Nxc6 Re8 29.Re1 1-0

[Event "41st World U20 ch"]
[Site "Panaji IND"]
[Date "2002.12.13"]
[Round "7.26"]
[White "Soumya, Ranjan Mishra"]
[Black "Rohit, Gogineni"]
[Result "1/2-1/2"]
[WhiteElo "2207"]
[BlackElo "2319"]
[EventDate "2002.12.09"]
[PlyCount "46"]

1.e4 c5 2.Nf3 d6 3.Bb5+ Nd7 4.d4 Nf6 5.Nc3 a6 6.Bxd7+ Nxd7 7.O-O e6 8.Bg5 
Qc7 9.d5 e5 10.a4 b6 11.Nd2 Rb8 12.Qe2 h6 13.Bh4 g5 14.Bg3 Be7 15.Nc4 h5 
16.f3 h4 17.Bf2 Nf8 18.Rfb1 Ng6 19.b4 Nf4 20.Qf1 g4 21.fxg4 Bxg4 22.bxc5 
dxc5 23.Be3 Rg8 1/2-1/2

[Event "41st World U20 ch"]
[Site "Panaji IND"]
[Date "2002.12.13"]
[Round "7.27"]
[White "Gopal, Geetha Narayanan"]
[Black "Dutta, Sayantan"]
[Result "0-1"]
[WhiteElo "2174"]
[BlackElo "2275"]
[EventDate "2002.12.09"]
[PlyCount "46"]

1.e4 e6 2.d3 c5 3.Nf3 d5 4.Nbd2 Nc6 5.g3 g6 6.Bg2 Bg7 7.O-O Nge7 8.Re1 O-O
9.e5 f6 10.exf6 Bxf6 11.h4 Bg7 12.c3 Qd6 13.h5 gxh5 14.Nh4 Ne5 15.Nb3 Ng4 
16.Nf3 e5 17.Nbd2 Ng6 18.c4 e4 19.dxe4 Nxf2 20.Kxf2 Bd4+ 21.Kf1 Qxg3 22.
Re2 Bh3 23.Qb3 Nh4 0-1

[Event "41st World U20 ch"]
[Site "Panaji IND"]
[Date "2002.12.13"]
[Round "7.28"]
[White "Kamble, Vikramaditya"]
[Black "Ravichandran, Siddharth"]
[Result "0-1"]
[WhiteElo "2317"]
[BlackElo "2223"]
[EventDate "2002.12.09"]
[PlyCount "104"]

1.e4 c5 2.Nf3 d6 3.d4 cxd4 4.Nxd4 Nf6 5.Nc3 a6 6.Be2 e6 7.O-O Nbd7 8.f4 b5
9.Bf3 Bb7 10.e5 Bxf3 11.Nxf3 dxe5 12.fxe5 Ng4 13.Qe2 b4 14.Ne4 Ngxe5 15.
Nxe5 Nxe5 16.Bg5 Be7 17.Rad1 Qc7 18.Bxe7 Kxe7 19.Nd6 Qc5+ 20.Kh1 f6 21.h3 
Ra7 22.c3 bxc3 23.bxc3 Rd8 24.Ne4 Qc4 25.Qe3 Rad7 26.Rde1 Rd3 27.Qf2 Nd7 
28.Qh4 Nf8 29.Qg4 Ng6 30.h4 Rg8 31.Rb1 Ne5 32.Qf4 Rgd8 33.Rb4 Qc7 34.Kh2 
Ng4+ 35.Kg1 Qxf4 36.Rxf4 f5 37.Rb7+ R8d7 38.Rxd7+ Rxd7 39.Nc5 Rc7 40.Nxa6 
Rxc3 41.a4 Kd6 42.Kf1 Ne3+ 43.Kf2 Nd5 44.Rf3 Rc2+ 45.Kg1 Ra2 46.Rg3 Rxa4 
47.Rxg7 Rxa6 48.Rxh7 Ke5 49.Rf7 Nf6 50.Kh2 Ra3 51.Kg1 Ra4 52.g3 Rg4 0-1

[Event "41st World U20 ch"]
[Site "Panaji IND"]
[Date "2002.12.13"]
[Round "7.29"]
[White "Thakur, Akash"]
[Black "Nikhilesh, Kumar"]
[Result "1/2-1/2"]
[WhiteElo "2257"]
[BlackElo "2182"]
[EventDate "2002.12.09"]
[PlyCount "101"]

1.e4 c5 2.Nf3 Nc6 3.d3 d6 4.g3 g6 5.Bg2 Bg7 6.O-O Nf6 7.c3 O-O 8.Qe2 Qc7 
9.Na3 a6 10.h3 Rb8 11.Nc2 b5 12.Ne3 b4 13.c4 Nd7 14.Qd1 e6 15.Rb1 Qa5 16.
Qb3 Nd4 17.Nxd4 cxd4 18.Ng4 Nc5 19.Qd1 h5 20.Nh2 Qxa2 21.Bd2 Qb3 22.Qxb3 
Nxb3 23.Rfd1 e5 24.Nf1 a5 25.Bc1 a4 26.f3 Bd7 27.Kf2 Ra8 28.Nd2 Nxc1 29.
Rbxc1 Bh6 30.Ke2 Rfb8 31.Ra1 Kf8 32.Rf1 Bxd2 33.Kxd2 Ke7 34.f4 h4 35.g4 f6
36.f5 g5 37.Ra2 Kd8 38.Bf3 Kc7 39.Rfa1 b3 40.Ra3 Rb7 41.Bd1 Rab8 42.Rc1 
Kb6 43.Raa1 Kc5 44.Be2 Kb4 45.Bd1 Rc7 46.Be2 Rf8 47.Bd1 Re8 48.Bf3 Rb8 49.
Bg2 Rbc8 50.Bf3 Re8 51.Bg2 1/2-1/2

[Event "41st World U20 ch"]
[Site "Panaji IND"]
[Date "2002.12.13"]
[Round "7.30"]
[White "Sangma, Rahul"]
[Black "Singh, Rishipal"]
[Result "0-1"]
[WhiteElo "2214"]
[BlackElo "2252"]
[EventDate "2002.12.09"]
[PlyCount "62"]

1.e4 c5 2.Nf3 Nf6 3.Nc3 e6 4.e5 Nd5 5.Nxd5 exd5 6.d4 Nc6 7.dxc5 Bxc5 8.Bd3
d6 9.exd6 O-O 10.O-O Qxd6 11.a3 a5 12.Re1 h6 13.Be3 d4 14.Bc1 Bg4 15.h3 
Bh5 16.g4 Bg6 17.Nh4 Rae8 18.f4 Bxd3 19.cxd3 Re3 20.Bxe3 dxe3 21.Qc1 Nd4 
22.Nf5 Qxf4 23.Nxd4 Qg3+ 24.Kh1 Qxh3+ 25.Kg1 Qxg4+ 26.Kh1 Qh4+ 27.Kg1 Qf2+
28.Kh1 Bxd4 29.Qc7 Qf3+ 30.Kh2 Re8 31.Qc2 e2 0-1

[Event "41st World U20 ch"]
[Site "Panaji IND"]
[Date "2002.12.13"]
[Round "7.31"]
[White "Macak, Stefan"]
[Black "Pratik Shriwas, R."]
[Result "1/2-1/2"]
[WhiteElo "2246"]
[BlackElo "2148"]
[EventDate "2002.12.09"]
[PlyCount "101"]

1.e4 c5 2.Nf3 a6 3.Nc3 Nc6 4.d4 cxd4 5.Nxd4 e5 6.Nxc6 dxc6 7.Bd3 Bc5 8.O-O
Ne7 9.Qh5 Ng6 10.Bg5 Qc7 11.Kh1 O-O 12.Bd2 Ba7 13.Ne2 Be6 14.f4 exf4 15.
Nxf4 Qe5 16.Qxe5 Nxe5 17.Nxe6 fxe6 18.Be2 Bd4 19.c3 Bc5 20.b4 Be7 21.Be3 
Bf6 22.Rac1 a5 23.b5 Rac8 24.c4 c5 25.Rcd1 Rfd8 26.Rxd8+ Rxd8 27.b6 Nd7 
28.Rd1 Nxb6 29.Rxd8+ Bxd8 30.Bxc5 Na4 31.Bd4 Bb6 32.Ba1 Be3 33.Bd1 Nc5 34.
Bc2 Kf7 35.g3 Bg5 36.Kg2 g6 37.Kf3 Bf6 38.e5 Bg7 39.g4 Nd7 40.Kf4 Bh6+ 41.
Ke4 Bg7 42.Bc3 b6 43.Bd4 Nc5+ 44.Kf4 Bh6+ 45.Kf3 Bg5 46.Bf2 Bd2 47.h4 Bc3 
48.Bg3 Nd7 49.Ke4 Nc5+ 50.Ke3 Nd7 51.Ke4 1/2-1/2

[Event "41st World U20 ch"]
[Site "Panaji IND"]
[Date "2002.12.13"]
[Round "7.32"]
[White "Arjun Tiwari, Deepak"]
[Black "Russell, Majwuana Kankanamge Athula"]
[Result "1-0"]
[WhiteElo "2154"]
[BlackElo "2243"]
[EventDate "2002.12.09"]
[PlyCount "47"]

1.e4 c5 2.Nc3 Nc6 3.f4 g6 4.Nf3 Bg7 5.g3 d6 6.Bg2 e6 7.O-O Nge7 8.d3 O-O 
9.g4 Nd4 10.Ne2 Nxe2+ 11.Qxe2 f5 12.h3 Nc6 13.c3 Bd7 14.Be3 e5 15.gxf5 
gxf5 16.exf5 Bxf5 17.fxe5 Nxe5 18.Nxe5 Bxe5 19.Rxf5 Qe7 20.Raf1 Rxf5 21.
Rxf5 Re8 22.Qg4+ Kh8 23.Bg5 Qg7 24.Bd5 1-0

[Event "41st World U20 ch"]
[Site "Panaji IND"]
[Date "2002.12.13"]
[Round "7.33"]
[White "Phoobalan, P."]
[Black "Akshayraj, Kore"]
[Result "0-1"]
[WhiteElo "2227"]
[BlackElo "2167"]
[EventDate "2002.12.09"]
[PlyCount "88"]

1.e4 c5 2.Nf3 Nc6 3.Bb5 g6 4.O-O Bg7 5.Bxc6 bxc6 6.c4 Nh6 7.d3 f6 8.Nc3 
O-O 9.Qc2 e5 10.Ne1 f5 11.f4 exf4 12.Bxf4 fxe4 13.Be3 Rxf1+ 14.Kxf1 Qf8+ 
15.Qf2 Qxf2+ 16.Bxf2 exd3 17.Nxd3 d6 18.Rc1 Bf5 19.Ne1 Ng4 20.Bg1 Rf8 21.
Ke2 Ne5 22.Nd1 Re8 23.Kd2 Ng4 24.Nc2 Bh6+ 25.Nce3 d5 26.h3 Ne5 27.cxd5 
cxd5 28.Rxc5 d4 29.Rc7 Rd8 30.Ke2 dxe3 31.Bxe3 Bd3+ 32.Kf2 Bxe3+ 33.Nxe3 
Rd7 34.Rc5 Nf7 35.Ng4 Kg7 36.Ne5 Nxe5 37.Rxe5 Kf6 38.Ra5 Re7 39.b3 a6 40.
g3 Re5 41.Ra4 Bb5 42.Ra5 Ke6 43.b4 Bc4 44.Ra4 Re2+ 0-1

[Event "41st World U20 ch"]
[Site "Panaji IND"]
[Date "2002.12.13"]
[Round "7.34"]
[White "Jagadish, H. D."]
[Black "Das, Arghyadip"]
[Result "1/2-1/2"]
[WhiteElo "2130"]
[BlackElo "2324"]
[EventDate "2002.12.09"]
[PlyCount "30"]

1.e4 c5 2.c3 Qa5 3.Nf3 d6 4.Bc4 Nf6 5.Qe2 Nc6 6.h3 e6 7.O-O Be7 8.d4 O-O 
9.d5 Ne5 10.Nxe5 dxe5 11.dxe6 fxe6 12.f4 exf4 13.Bxf4 a6 14.Bg5 Bd7 15.Nd2
Rae8 1/2-1/2

[Event "41st World U20 ch"]
[Site "Panaji IND"]
[Date "2002.12.13"]
[Round "7.35"]
[White "Kosmo, Santul"]
[Black "Eriksson, Jonas"]
[Result "0-1"]
[WhiteElo "2145"]
[BlackElo "2278"]
[EventDate "2002.12.09"]
[PlyCount "45"]

1.d4 c6 2.e4 d5 3.e5 Bf5 4.Nc3 e6 5.g4 Bg6 6.Nge2 c5 7.h4 h5 8.Nf4 Bh7 9.
Nxh5 Nc6 10.dxc5 Bxc5 11.Bb5 Qc7 12.O-O O-O-O 13.Bg5 Be7 14.Bxc6 Qxc6 15.
Qe2 a6 16.Rfe1 Bxg5 17.hxg5 Ne7 18.a4 Bg6 19.Nf4 Rh4 20.Ng2 Rh7 21.Nf4 
Rdh8 22.Kg2 d4+ 23.Kg3 0-1

[Event "41st World U20 ch"]
[Site "Panaji IND"]
[Date "2002.12.13"]
[Round "7.37"]
[White "Borchgrevink, Harald"]
[Black "Pereira, Edgar"]
[Result "1-0"]
[WhiteElo "2174"]
[BlackElo "2049"]
[EventDate "2002.12.09"]
[PlyCount "121"]

1.d4 Nf6 2.c4 g6 3.Nc3 d5 4.cxd5 Nxd5 5.Bd2 Bg7 6.e4 Nxc3 7.Bxc3 O-O 8.h3 
c5 9.d5 Bxc3+ 10.bxc3 e6 11.Bc4 e5 12.Nf3 Nd7 13.Qd2 Nf6 14.Qe3 Qd6 15.O-O
Bd7 16.a4 Kg7 17.Rfb1 Rfb8 18.Bf1 Ne8 19.Nd2 Qc7 20.g3 Nd6 21.f4 f6 22.Bg2
Nf7 23.Rf1 b6 24.Nc4 a6 25.fxe5 Nxe5 26.Qf4 Rf8 27.d6 Qd8 28.Nxe5 g5 29.
Qe3 fxe5 30.Rxf8 Kxf8 31.a5 bxa5 32.Qxc5 Qe8 33.Qe3 h6 34.h4 Qg6 35.hxg5 
Qxg5 36.Qf3+ Kg7 37.Rf1 Qg6 38.c4 Kg8 39.c5 a4 40.Qc3 Qe8 41.Qd2 Qe6 42.
Rc1 Bc6 43.Kh2 Rb8 44.Bh3 Qg6 45.d7 Rd8 46.Qa5 Qg5 47.Rd1 Bxe4 48.Qxa6 Bf5
49.Qc4+ Kg7 50.Rf1 Qd2+ 51.Bg2 Qxd7 52.c6 Qe6 53.Qxa4 Rd2 54.Qa7+ Kg6 55.
Rf2 Rxf2 56.Qxf2 e4 57.g4 Bxg4 58.Qf4 e3 59.Be4+ Kg7 60.Qxe3 Qe5+ 61.Kg2 
1-0

[Event "41st World U20 ch"]
[Site "Panaji IND"]
[Date "2002.12.13"]
[Round "7.38"]
[White "Sprenger, Wendelin"]
[Black "Pradeep, T. S."]
[Result "1-0"]
[WhiteElo "2174"]
[BlackElo "2111"]
[EventDate "2002.12.09"]
[PlyCount "47"]

1.e4 c5 2.Nf3 d6 3.d4 cxd4 4.Nxd4 Nf6 5.Nc3 a6 6.Bg5 e6 7.f4 Be7 8.Qf3 
Nbd7 9.Bc4 Nb6 10.Bb3 Qc7 11.O-O-O O-O 12.g4 Nc4 13.Bxf6 Bxf6 14.g5 Be7 
15.Rhg1 f6 16.Qh3 f5 17.exf5 d5 18.Qf3 Bc5 19.f6 Bxd4 20.Rxd4 Qf7 21.Bxc4 
dxc4 22.Ne4 Qg6 23.Rgd1 b5 24.fxg7 1-0

[Event "41st World U20 ch"]
[Site "Panaji IND"]
[Date "2002.12.13"]
[Round "7.39"]
[White "Naveen, R."]
[Black "Byomakesh, Nayak"]
[Result "1-0"]
[WhiteElo "2099"]
[BlackElo "2136"]
[EventDate "2002.12.09"]
[PlyCount "70"]

1.e4 e6 2.b3 d5 3.Bb2 Nf6 4.e5 Nfd7 5.Nf3 c5 6.d4 Nc6 7.dxc5 Bxc5 8.Bd3 
Qc7 9.O-O Ndxe5 10.Nxe5 Nxe5 11.Bb5+ Ke7 12.Re1 f6 13.Qe2 a6 14.Bd3 Nxd3 
15.cxd3 Kf7 16.Qh5+ g6 17.Qf3 Be7 18.Nc3 Bd7 19.Nxd5 exd5 20.Qxd5+ Kf8 21.
Rxe7 Kxe7 22.Re1+ Kf8 23.Ba3+ Kg7 24.Re7+ Kh6 25.Qd4 Qa5 26.Bc5 Kh5 27.g3 
g5 28.Rxd7 Rad8 29.g4+ Kg6 30.Qe4+ Kh6 31.Qe7 Qe1+ 32.Qxe1 Rxd7 33.Qe6 Rg7
34.Qxf6+ Rg6 35.Qxh8 Re6 1-0

[Event "41st World U20 ch"]
[Site "Panaji IND"]
[Date "2002.12.13"]
[Round "7.40"]
[White "Kafka, Graeme"]
[Black "Himanshu, Kumar"]
[Result "1/2-1/2"]
[WhiteElo "2108"]
[BlackElo "2072"]
[EventDate "2002.12.09"]
[PlyCount "28"]

1.e4 c5 2.Nf3 e6 3.d4 cxd4 4.Nxd4 Nc6 5.Nb5 d6 6.Bf4 e5 7.Be3 Nf6 8.Bg5 
Qa5+ 9.Qd2 Nxe4 10.Qxa5 Nxa5 11.Be3 Kd7 12.f3 Nf6 13.Bxa7 Nc6 14.Bf2 d5 
1/2-1/2

[Event "41st World U20 ch"]
[Site "Panaji IND"]
[Date "2002.12.13"]
[Round "7.42"]
[White "Sanchit, Agarwal"]
[Black "Gurpreet, Singh Maras"]
[Result "0-1"]
[WhiteElo "2004"]
[BlackElo "2145"]
[EventDate "2002.12.09"]
[PlyCount "44"]

1.e4 e5 2.Nf3 Nc6 3.Bc4 Nf6 4.d3 Bc5 5.c3 d6 6.Bg5 Be6 7.Bb3 h6 8.Bh4 Bb6 
9.O-O Qd7 10.Re1 g5 11.Bg3 O-O-O 12.d4 Bxb3 13.axb3 exd4 14.Nxd4 Rde8 15.
Nxc6 Qxc6 16.e5 dxe5 17.Rxe5 Rxe5 18.Bxe5 Rd8 19.Qc2 Qe4 20.Na3 Qxe5 21.
Nc4 Qe4 22.Nxb6+ cxb6 0-1

[Event "41st World U20 ch"]
[Site "Panaji IND"]
[Date "2002.12.15"]
[Round "8.1"]
[White "Bu Xiangzhi"]
[Black "Aronian, Levon"]
[Result "1/2-1/2"]
[WhiteElo "2601"]
[BlackElo "2581"]
[EventDate "2002.12.09"]
[PlyCount "91"]

1.Nf3 Nf6 2.c4 e6 3.Nc3 d5 4.d4 dxc4 5.e4 Bb4 6.Bg5 c5 7.Bxc4 cxd4 8.Nxd4 
Bxc3+ 9.bxc3 Qa5 10.Bb5+ Nbd7 11.Bxf6 Qxc3+ 12.Kf1 gxf6 13.h4 a6 14.Rh3 
Qa5 15.Be2 Nc5 16.Nb3 Nxb3 17.Qxb3 b6 18.Rd1 Bd7 19.Qb2 Qe5 20.Qxb6 Bb5 
21.Kg1 O-O 22.Qe3 Bxe2 23.Qxe2 Kh8 24.Rg3 Rg8 25.Rxg8+ Rxg8 26.Rd7 Rb8 27.
g3 f5 28.Rxf7 Rb1+ 29.Kg2 Rb2 30.Qf3 Qxe4 31.Re7 Qxf3+ 32.Kxf3 Rxa2 33.Ke3
Ra4 34.f3 h5 35.Rxe6 Kg7 36.Rd6 a5 37.Rc6 Rb4 38.Rc5 Kf6 39.Rxa5 Rb3+ 40.
Kf2 Rb2+ 41.Kf1 Rb1+ 42.Kg2 Rb2+ 43.Kh3 Rf2 44.f4 Rc2 45.Ra8 Kg7 46.Rb8 
1/2-1/2

[Event "41st World U20 ch"]
[Site "Panaji IND"]
[Date "2002.12.15"]
[Round "8.2"]
[White "Timofeev, Artiom"]
[Black "Ni Hua"]
[Result "1-0"]
[WhiteElo "2558"]
[BlackElo "2545"]
[EventDate "2002.12.09"]
[PlyCount "73"]

1.e4 c5 2.Nf3 Nc6 3.d4 cxd4 4.Nxd4 Nf6 5.Nc3 e5 6.Ndb5 d6 7.a4 a6 8.Na3 
Bg4 9.Be2 Bxe2 10.Qxe2 d5 11.Bg5 d4 12.Nd5 Be7 13.Bxf6 Bxf6 14.Nc4 Rb8 15.
a5 Ne7 16.Nxf6+ gxf6 17.O-O Ng6 18.g3 O-O 19.Ra3 Qd7 20.Nb6 Qc6 21.c4 dxc3
22.Rxc3 Qe6 23.Nd5 f5 24.Rf3 Rbd8 25.Re1 fxe4 26.Nf6+ Kg7 27.Qxe4 Qe7 28.
h4 Rd6 29.Nd5 Qd8 30.Ne3 Re6 31.h5 Ne7 32.Qg4+ Kh8 33.Rxf7 Rxf7 34.Qxe6 
Qxa5 35.Qxf7 Qxe1+ 36.Kg2 Ng8 37.h6 1-0

[Event "41st World U20 ch"]
[Site "Panaji IND"]
[Date "2002.12.15"]
[Round "8.3"]
[White "Smerdon, David"]
[Black "Yakovenko, Dmitry"]
[Result "0-1"]
[WhiteElo "2382"]
[BlackElo "2570"]
[EventDate "2002.12.09"]
[PlyCount "78"]

1.e4 c5 2.c3 Nf6 3.e5 Nd5 4.d4 cxd4 5.Nf3 Nc6 6.Bc4 e6 7.cxd4 d6 8.O-O Be7
9.Qe2 O-O 10.Nc3 Nxc3 11.bxc3 dxe5 12.dxe5 Qa5 13.Bd2 Rd8 14.Bd3 Bd7 15.
Qe4 g6 16.Rab1 Rab8 17.h4 Be8 18.c4 Nb4 19.h5 Bc6 20.Qe3 Qc5 21.Qxc5 Bxc5 
22.Bxb4 Bxb4 23.hxg6 Rxd3 24.gxh7+ Kxh7 25.Rxb4 Bxf3 26.gxf3 Rg8+ 27.Kh2 
Rd4 28.f4 Rxf4 29.Rb3 Rg5 30.Kh3 b6 31.Ra3 Kg6 32.Rc3 Kh5 33.Kh2 Rh4+ 34.
Rh3 Rxh3+ 35.Kxh3 Rxe5 36.Rd1 Ra5 37.Rd2 Ra3+ 38.Kg2 Kg6 39.f3 Rc3 0-1

[Event "41st World U20 ch"]
[Site "Panaji IND"]
[Date "2002.12.15"]
[Round "8.5"]
[White "McShane, Luke"]
[Black "Potkin, Vladimir"]
[Result "1-0"]
[WhiteElo "2546"]
[BlackElo "2495"]
[EventDate "2002.12.09"]
[PlyCount "103"]

1.e4 c5 2.Nf3 e6 3.d4 cxd4 4.Nxd4 Nc6 5.Nc3 Qc7 6.Be3 Nf6 7.f3 Bb4 8.Nb5 
Qb8 9.a3 Be7 10.g4 a6 11.Nd4 b5 12.Qd2 O-O 13.Nce2 Rd8 14.g5 Ne8 15.h4 Bb7
16.O-O-O d5 17.Nxc6 Bxc6 18.e5 d4 19.Bxd4 Bxf3 20.Rh3 Bg4 21.Rg3 Bf5 22.
Bh3 Bxh3 23.Rxh3 b4 24.a4 Qb7 25.Qf4 Rac8 26.Rf3 Bf8 27.b3 Rd7 28.Ng3 Nc7 
29.Ne4 Nd5 30.Qg4 Nc3 31.Nxc3 bxc3 32.Rxc3 Rcd8 33.Rcd3 g6 34.Kb1 Bg7 35.
Qe2 Qb8 36.Bb2 Rxd3 37.Rxd3 Rxd3 38.Qxd3 Bxe5 39.Qxa6 Bxb2 40.Kxb2 e5 41.
Qc6 Qd8 42.Qe4 Qa5 43.Qe3 Qd5 44.c4 Qg2+ 45.Kc3 Qa2 46.Kb4 Qh2 47.a5 h5 
48.a6 e4 49.Qxe4 Qd6+ 50.Kb5 Qd7+ 51.Qc6 Qf5+ 52.Qd5 1-0

[Event "41st World U20 ch"]
[Site "Panaji IND"]
[Date "2002.12.15"]
[Round "8.6"]
[White "Berkes, Ferenc"]
[Black "Erenburg, Sergey"]
[Result "1-0"]
[WhiteElo "2545"]
[BlackElo "2494"]
[EventDate "2002.12.09"]
[PlyCount "62"]

1.d4 d5 2.c4 c6 3.Nf3 Nf6 4.Nc3 e6 5.e3 Nbd7 6.Bd3 dxc4 7.Bxc4 b5 8.Bd3 b4
9.Ne4 Nxe4 10.Bxe4 Bb7 11.Qa4 Qb6 12.Bd2 Be7 13.O-O O-O 14.Rfc1 Rfc8 15.
Rc4 Qd8 16.Rc2 Nb6 17.Qb3 a5 18.a4 Nd7 19.Rac1 Qb6 20.Be1 Nf6 21.Nd2 Rab8 
22.f3 c5 23.Bxb7 Rxb7 24.Bg3 Rd7 25.Nc4 Qa7 26.Ne5 Rd5 27.Bf2 Qb8 28.Nd3 
Nd7 29.Nf4 Rd6 30.Bg3 Qb7 31.Qc4 Rdc6 1-0

[Event "41st World U20 ch"]
[Site "Panaji IND"]
[Date "2002.12.15"]
[Round "8.7"]
[White "Ghaem Maghami, Ehsan"]
[Black "Miton, Kamil"]
[Result "1/2-1/2"]
[WhiteElo "2511"]
[BlackElo "2564"]
[EventDate "2002.12.09"]
[PlyCount "107"]

1.e4 c6 2.d4 d5 3.e5 Bf5 4.Nf3 e6 5.a3 Ne7 6.Be2 Nd7 7.O-O Bg6 8.Nbd2 Nf5 
9.c4 dxc4 10.Nxc4 Nb6 11.Na5 Qd7 12.h3 Be7 13.b4 O-O 14.Bb2 Rfd8 15.g3 Bf8
16.Rc1 Ne7 17.Bd3 Bxd3 18.Qxd3 h6 19.Rfd1 Na4 20.Ba1 b6 21.Nc4 a5 22.bxa5 
b5 23.Nd6 Nd5 24.Rc2 Rxa5 25.Rdc1 Nab6 26.Bb2 Bxd6 27.exd6 f6 28.Nd2 Rc8 
29.Ne4 Raa8 30.Re1 Nc4 31.Nc5 Qxd6 32.Rxe6 Qf8 33.Bc1 Re8 34.Rce2 Rxe6 35.
Rxe6 Re8 36.Bxh6 Qf7 37.Rxe8+ Qxe8 38.Bd2 Qh5 39.g4 Qe8 40.Kf1 Qb8 41.Bc1 
Qh2 42.Qf3 Qd6 43.Qe4 Qh2 44.Qf3 Qd6 45.h4 Ne7 46.Qe4 Qh2 47.Qxe7 Qh1+ 48.
Ke2 Qxc1 49.Qe8+ Kh7 50.Nd7 Qc2+ 51.Kf3 Qd1+ 52.Kg3 Qg1+ 53.Kf3 Qd1+ 54.
Kg3 1/2-1/2

[Event "41st World U20 ch"]
[Site "Panaji IND"]
[Date "2002.12.15"]
[Round "8.9"]
[White "Ganguly, Surya Shekhar"]
[Black "Satyapragyan, Swayangsu"]
[Result "1-0"]
[WhiteElo "2531"]
[BlackElo "2436"]
[EventDate "2002.12.09"]
[PlyCount "60"]

1.e4 e6 2.d4 d5 3.e5 c5 4.c3 Nc6 5.Nf3 Qb6 6.Be2 f6 7.O-O cxd4 8.cxd4 fxe5
9.dxe5 g6 10.Nc3 Bg7 11.Be3 Qd8 12.Nb5 Nge7 13.Nd6+ Kf8 14.Ng5 Nxe5 15.f4 
N5c6 16.Ndf7 Qa5 17.Nxh8 Bxh8 18.Nxh7+ Kg8 19.Ng5 Bxb2 20.Rb1 Bf6 21.Bd3 
Qc7 22.Kh1 Bd7 23.Qg4 Bxg5 24.Qxg5 Kf7 25.Rf3 Rg8 26.Rh3 Ke8 27.Rh7 b6 28.
Bd4 Qd6 29.Bf6 Bc8 30.Ra1 Qd8 1-0

[Event "41st World U20 ch"]
[Site "Panaji IND"]
[Date "2002.12.15"]
[Round "8.10"]
[White "Wojtaszek, Radoslaw"]
[Black "Sandipan, Chanda"]
[Result "1-0"]
[WhiteElo "2452"]
[BlackElo "2510"]
[EventDate "2002.12.09"]
[PlyCount "74"]

1.d4 Nf6 2.c4 e6 3.g3 d5 4.Nf3 Bb4+ 5.Bd2 Be7 6.Bg2 O-O 7.O-O c6 8.Qc2 
Nbd7 9.Rd1 b6 10.Bf4 Ba6 11.b3 Rc8 12.Nc3 c5 13.cxd5 Nxd5 14.Nxd5 exd5 15.
dxc5 Rxc5 16.Qb2 Bf6 17.Nd4 Re8 18.e3 Nf8 19.Qa3 Bb7 20.Qxa7 Re7 21.Rac1 
Qc8 22.Qa3 Re4 23.Bd6 Bxd4 24.exd4 Rc2 25.Bxe4 dxe4 26.Rxc2 Qxc2 27.Qc1 
Qxa2 28.Bxf8 Qxb3 29.Ba3 e3 30.fxe3 Qd5 31.e4 Qxe4 32.d5 h5 33.Qf4 Qe2 34.
Rd2 Qe1+ 35.Kg2 f6 36.Bb2 g5 37.Qd4 g4 1-0

[Event "41st World U20 ch"]
[Site "Panaji IND"]
[Date "2002.12.15"]
[Round "8.11"]
[White "Annaberdiev, Meilis"]
[Black "Mastrovasilis, Dimitrios"]
[Result "0-1"]
[WhiteElo "2305"]
[BlackElo "2461"]
[EventDate "2002.12.09"]
[PlyCount "124"]

1.d4 d5 2.Nf3 Nf6 3.Bf4 c5 4.e3 Nc6 5.c3 Qb6 6.Qb3 c4 7.Qc2 Bf5 8.Qc1 h6 
9.h3 e6 10.Be2 Be7 11.O-O O-O 12.Nbd2 Qd8 13.Ne5 Nxe5 14.Bxe5 b5 15.Bf3 
Bd3 16.Bxf6 Bxf6 17.Re1 Qb6 18.e4 e5 19.exd5 exd4 20.Ne4 Bxe4 21.Rxe4 d3 
22.Qf4 Rad8 23.Rd1 Qd6 24.b3 Qxf4 25.Rxf4 Rc8 26.bxc4 bxc4 27.d6 Be5 28.
Rg4 Rc5 29.Bb7 Rd8 30.Ba6 Rxd6 31.Rxc4 Rxc4 32.Bxc4 d2 33.Kf1 Bxc3 34.Ke2 
g6 35.Rb1 Rd7 36.Kd1 Re7 37.Kc2 Ba5 38.Bd5 Rc7+ 39.Kd1 Kg7 40.Bb3 f5 41.
Bd5 Kf6 42.Bf3 Rc5 43.Be2 h5 44.Bd3 Kg5 45.Be2 h4 46.Bf3 Kf4 47.Be2 g5 48.
Bf1 g4 49.Be2 Rc7 50.Bd3 Rc8 51.g3+ Kf3 52.Bxf5 Rc1+ 53.Rxc1 dxc1=Q+ 54.
Kxc1 Kxf2 55.gxh4 g3 56.Be4 g2 57.Bxg2 Kxg2 58.h5 Kxh3 59.h6 Kg4 60.Kc2 
Bd8 61.Kd3 Kg5 62.h7 Bf6 0-1

[Event "41st World U20 ch"]
[Site "Panaji IND"]
[Date "2002.12.15"]
[Round "8.12"]
[White "Kidambi, Sundararajan"]
[Black "Neelotpal, Das"]
[Result "1/2-1/2"]
[WhiteElo "2408"]
[BlackElo "2374"]
[EventDate "2002.12.09"]
[PlyCount "38"]

1.d4 Nf6 2.c4 e6 3.Nc3 Bb4 4.Qc2 O-O 5.a3 Bxc3+ 6.Qxc3 b5 7.cxb5 c6 8.Bg5 
cxb5 9.e3 Bb7 10.Nf3 a6 11.Be2 h6 12.Bxf6 Qxf6 13.O-O Nc6 14.Rfc1 Rfc8 15.
Qd2 Rc7 16.a4 bxa4 17.Rxa4 Rac8 18.Rac4 d6 19.R4c3 Ra8 1/2-1/2

[Event "41st World U20 ch"]
[Site "Panaji IND"]
[Date "2002.12.15"]
[Round "8.13"]
[White "Prathamesh, Sunil Mokal"]
[Black "Azarov, Sergei"]
[Result "1-0"]
[WhiteElo "2335"]
[BlackElo "2520"]
[EventDate "2002.12.09"]
[PlyCount "99"]

1.e4 e5 2.Nf3 Nc6 3.Bb5 a6 4.Ba4 Nf6 5.O-O Be7 6.Re1 b5 7.Bb3 d6 8.c3 O-O 
9.h3 Nb8 10.d4 Nbd7 11.Nbd2 Bb7 12.Bc2 Re8 13.b3 Bf8 14.Bb2 c6 15.Nf1 Qc7 
16.Ng3 Nb6 17.Qd2 c5 18.d5 a5 19.Qe2 c4 20.Nd2 Nfd7 21.bxc4 bxc4 22.Ba3 g6
23.Ngf1 Ba6 24.Reb1 Rab8 25.Rb2 Nc5 26.Bxc5 Qxc5 27.Qe3 Qc7 28.Rab1 Nd7 
29.Ba4 Rxb2 30.Rxb2 Rb8 31.Rxb8 Nxb8 32.Qe1 Nd7 33.Qb1 Bh6 34.Bxd7 Qxd7 
35.Qb6 Bb5 36.Qxa5 Qb7 37.a4 Ba6 38.Qd8+ Bf8 39.a5 f5 40.Qb6 Qc8 41.Qc6 
Qxc6 42.dxc6 d5 43.exd5 f4 44.Ne4 Kf7 45.Nfd2 Ke8 46.d6 h6 47.h4 g5 48.
hxg5 hxg5 49.f3 Bh6 50.Kh2 1-0

[Event "41st World U20 ch"]
[Site "Panaji IND"]
[Date "2002.12.15"]
[Round "8.14"]
[White "Paragua, Mark"]
[Black "Deepan Chakravarthy, Jeyakumar"]
[Result "1-0"]
[WhiteElo "2476"]
[BlackElo "2355"]
[EventDate "2002.12.09"]
[PlyCount "65"]

1.e4 c5 2.Nf3 d6 3.d4 cxd4 4.Nxd4 Nf6 5.Nc3 a6 6.Be3 e5 7.Nb3 Be6 8.f3 
Nbd7 9.g4 b5 10.g5 b4 11.Ne2 Nh5 12.Qd2 Be7 13.Ng3 Nf4 14.h4 O-O 15.O-O-O 
a5 16.Nd4 exd4 17.Bxf4 b3 18.cxb3 a4 19.Kb1 Bxb3 20.Rc1 Nc5 21.Bc4 Bxc4 
22.Rxc4 Ne6 23.Nf5 Re8 24.Nxd4 Nxf4 25.Qxf4 Bf8 26.Rhc1 Qb6 27.h5 Ra5 28.
Rc7 Re7 29.Rxe7 Bxe7 30.Rc8+ Bf8 31.g6 hxg6 32.hxg6 Qb7 33.Qh4 1-0

[Event "41st World U20 ch"]
[Site "Panaji IND"]
[Date "2002.12.15"]
[Round "8.15"]
[White "Gozzoli, Yannick"]
[Black "Bar, Roman"]
[Result "1/2-1/2"]
[WhiteElo "2377"]
[BlackElo "2413"]
[EventDate "2002.12.09"]
[PlyCount "40"]

1.e4 c5 2.Nc3 Nc6 3.Bb5 Nd4 4.Bc4 e6 5.Nf3 a6 6.a4 Ne7 7.O-O Nec6 8.d3 Be7
9.Nxd4 cxd4 10.Ne2 O-O 11.f4 d5 12.exd5 exd5 13.Bb3 f5 14.Ng3 Kh8 15.Qf3 
Be6 16.Re1 Bg8 17.Bd2 g6 18.Re2 Qd7 19.Nf1 Bf6 20.h3 Bg7 1/2-1/2

[Event "41st World U20 ch"]
[Site "Panaji IND"]
[Date "2002.12.15"]
[Round "8.16"]
[White "Lim Yee Weng"]
[Black "Perez Candelario, Manuel"]
[Result "1/2-1/2"]
[WhiteElo "2202"]
[BlackElo "2408"]
[EventDate "2002.12.09"]
[PlyCount "38"]

1.e4 c5 2.c3 Nf6 3.e5 Nd5 4.Nf3 e6 5.d4 cxd4 6.cxd4 b6 7.Nc3 Nxc3 8.bxc3 
Qc7 9.Bd2 Bb7 10.Bd3 d6 11.O-O Nd7 12.Ng5 dxe5 13.Qh5 g6 14.Qh3 Be7 15.
Rae1 Qd8 16.Qh6 Bf8 17.Qh3 Be7 18.Qh6 Bf8 19.Qh3 Be7 1/2-1/2

[Event "41st World U20 ch"]
[Site "Panaji IND"]
[Date "2002.12.15"]
[Round "8.17"]
[White "Sadykov, Rustem"]
[Black "Asauskas, Henrikas"]
[Result "1-0"]
[WhiteElo "2400"]
[BlackElo "2331"]
[EventDate "2002.12.09"]
[PlyCount "111"]

1.e4 c5 2.Nf3 d6 3.d4 cxd4 4.Nxd4 Nf6 5.Nc3 g6 6.Be3 Bg7 7.f3 O-O 8.Qd2 
Nc6 9.Bc4 Bd7 10.O-O-O Qb8 11.Nd5 Re8 12.h4 Ne5 13.Be2 b5 14.Bh6 Bh8 15.h5
Nc4 16.Qf4 Nxd5 17.exd5 e5 18.dxe6 Bxe6 19.Bg5 Bf5 20.hxg6 Bxg6 21.Bd3 d5 
22.Qh4 Qd6 23.Bxg6 Qxg6 24.Qh6 Bg7 25.Qxg6 hxg6 26.b3 Na3 27.Rd3 b4 28.Kd1
Rac8 29.Bc1 Nb1 30.Bb2 a5 31.Kc1 Nc3 32.Bxc3 bxc3 33.Kd1 a4 34.Re1 Rxe1+ 
35.Kxe1 axb3 36.axb3 Ra8 37.Ne2 Ra1+ 38.Kf2 d4 39.Nxd4 Bxd4+ 40.Rxd4 Rc1 
41.Ke3 Rxc2 42.g4 Rb2 43.b4 Kf8 44.Kd3 c2 45.Kd2 g5 46.Kc1 Rb3 47.Kxc2 
Rxf3 48.b5 Ke7 49.b6 Rh3 50.b7 Rh8 51.Rb4 Rb8 52.Kd3 Kd6 53.Ke4 Ke7 54.Kf5
f6 55.Rb6 Kf7 56.Rxf6+ 1-0